LEADER 02050nam0 2200361 4500 001 000037943 005 20250429205721.0 010 $a978-88-917-8829-0$be-book pdf 100 $a20250429d2022----km-y0itay50------ba 101 0 $aita 102 $aIT 105 $ay-------001yy 106 $as 135 $adoug----uuuuu 200 1 $aFattori meridiani$brisorsa elettronica$egruppi di acquisto solidale e rappresentazioni del consumo e della ruralità$fFrancesca Ursula Bitetto 210 $aMilano$cAngeli$d2022 215 $a106 p.$d23 cm$c1 testo elettronico 225 2 $aSociologia$v804 230 $aDati testuali (1 file) 300 $aModalità di accesso: World Wide Web 327 1 $aIndice del libro free access:$uhttp://digital.casalini.it/9788835151272 330 $aIl consumo critico restituisce centralità al consumatore, che utilizza il proprio potere di spesa per sostenere o boicottare i soggetti che rispettano o sfruttano i lavoratori, i territori, le colture, modificando il campo in cui la partita del consumo si gioca, individualmente o collettivamente. Frutto della ricerca “Rinnovare le culture del consumo per il benessere psicofisico-economico”, partita dai gruppi di acquisto solidale in terra di Bari e in Puglia, questo volume racconta alcune realtà non adeguatamente conosciute per fornire un orizzonte di azione condivisa e ricostruzione della solidarietà. [Testo dell'editore] 410 0$12001$aSociologia$v804 500 10$aFattori meridiani$94309091 610 1 $aG.A.S. $aPuglia 676 $a381.32$v23$9Politica commerciale. Movimenti dei consumatori 700 1$aBitetto,$bFrancesca Ursula$4070$0320994 801 0$aIT$bUNIPARTHENOPE$c20250429$gRICA$2UNIMARC 856 4 $uhttp://digital.casalini.it/9788835151272$zAccesso limitato alla rete di Ateneo Università di Napoli "Parthenope"$eData ultima consultazione: 2025-04-29 912 $a000037943 951 $aE-BOOK$b49891$cNAVA1$d2025 996 $aFattori meridiani$94309091 997 $aUNIPARTHENOPE LEADER 02236nam 22006733 450 001 9911008397603321 005 20231110224518.0 010 $a9781922274236 010 $a1922274232 035 $a(CKB)4100000011689528 035 $a(MiAaPQ)EBC28336927 035 $a(Au-PeEL)EBL28336927 035 $a(OCoLC)1227994611 035 $a(EXLCZ)994100000011689528 100 $a20210901d2021 uy 0 101 0 $aeng 135 $aurcnu|||||||| 181 $ctxt$2rdacontent 182 $cc$2rdamedia 183 $acr$2rdacarrier 200 10$aCharity and Giving 205 $a1st ed. 210 1$aThirroul, NSW :$cSpinney Press, The,$d2021. 210 4$d2021. 215 $a1 online resource (65 pages) 225 1 $aIssues in Society ;$vv.461 311 08$a9781922274229 311 08$a1922274224 330 $aHow do you choose the right charity to match a righteous cause, so that your donation really does count? Why do people give, and how can it be done responsibly and effectively? What is philanthropy - could wealthier Australians do more to support the not-for-profit sector? Explains the latest trends in giving and explores the ethics and effectiveness of legitimate charities. 410 0$aIssues in Society 606 $aCharity organization 606 $aGifts 606 $aCharities 606 $aGenerosity 606 $aNonprofit organizations 606 $aCharities$2fast$3(OCoLC)fst00852404 606 $aCharity organization$2fast$3(OCoLC)fst00852467 606 $aGenerosity$2fast$3(OCoLC)fst00939983 606 $aGifts$2fast$3(OCoLC)fst00942628 606 $aNonprofit organizations$2fast$3(OCoLC)fst01038875 615 0$aCharity organization. 615 0$aGifts. 615 0$aCharities. 615 0$aGenerosity. 615 0$aNonprofit organizations. 615 7$aCharities. 615 7$aCharity organization. 615 7$aGenerosity. 615 7$aGifts. 615 7$aNonprofit organizations. 676 $a361.7 700 $aHealey$b Justin$01086113 801 0$bMiAaPQ 801 1$bMiAaPQ 801 2$bMiAaPQ 906 $aBOOK 912 $a9911008397603321 996 $aCharity and Giving$94396232 997 $aUNINA LEADER 03551nam 22006015 450 001 9911022458203321 005 20250831130220.0 010 $a981-9687-17-9 024 7 $a10.1007/978-981-96-8717-6 035 $a(CKB)40850820200041 035 $a(MiAaPQ)EBC32275532 035 $a(Au-PeEL)EBL32275532 035 $a(DE-He213)978-981-96-8717-6 035 $a(EXLCZ)9940850820200041 100 $a20250831d2025 u| 0 101 0 $aeng 135 $aur||||||||||| 181 $ctxt$2rdacontent 182 $cc$2rdamedia 183 $acr$2rdacarrier 200 10$aAnalytical Approach in Nonlinear Dispersive Media /$fby Emmanuel Kengne, Wu-Ming Liu 205 $a1st ed. 2025. 210 1$aSingapore :$cSpringer Nature Singapore :$cImprint: Springer,$d2025. 215 $a1 online resource (1154 pages) 225 1 $aSpringer Series in Solid-State Sciences,$x2197-4179 ;$v210 311 08$a981-9687-16-0 327 $a1. Modulational instability of one-component Bose-Einstein condensate -- 2. Matter-wave solitons of Bose-Einstein condensates in periodic potentials -- 3. Modulational instability and soliton interactions in Bose-Einstein condensates -- 4. Engineering localized waves in Gross-Pitaevskii equations with time-dependent trapping potentials -- 5. Baseband modulational instability and interacting localized mixed waves in nonlinear media. 330 $aThis book presents an analytical approach to treating several topics of current interest in the field of nonlinear partial differential equations and their applications to electrical and communications engineering, the physics of nonlinear dispersive media, as well as the nonlinear wave interactions. It treats analytically Ginzburg-Landau and wave equations such as higher-order nonlinear Schrodinger equations with/without dissipative terms, Gross-Pitaevskii equations with complicated potential terms, and cubic-quintic Ginzburg-Landau equations. For solving analytically various problems of mathematical physics in nonlinear dispersive media, the book explanatorily and carefully applies several powerful methods drawn from recent leading research articles. Special attentions are paid to the modulational instability phenomenon and baseband modulational instability phenomenon in nonlinear dispersive media. The theoretical results of this book are supplemented by numerical calculations and graphical illustrations. This book is intended for scientific researchers working in the field of nonlinear waves; it will be particularly useful for applied mathematicians, theoretical physicists, as well as electrical and communications engineers. 410 0$aSpringer Series in Solid-State Sciences,$x2197-4179 ;$v210 606 $aMathematical physics 606 $aCondensed matter 606 $aNonlinear optics 606 $aMathematical Methods in Physics 606 $aCondensed Matter Physics 606 $aMathematical Physics 606 $aNonlinear Optics 615 0$aMathematical physics. 615 0$aCondensed matter. 615 0$aNonlinear optics. 615 14$aMathematical Methods in Physics. 615 24$aCondensed Matter Physics. 615 24$aMathematical Physics. 615 24$aNonlinear Optics. 676 $a530.15 700 $aKengne$b Emmanuel$0839016 701 $aLiu$b Wu-Ming$0839015 801 0$bMiAaPQ 801 1$bMiAaPQ 801 2$bMiAaPQ 906 $aBOOK 912 $a9911022458203321 996 $aAnalytical Approach in Nonlinear Dispersive Media$94431505 997 $aUNINA